| 000 | 01156nam a2200349 i 4500 | ||
|---|---|---|---|
| 001 | ocn503647935 | ||
| 003 | EG-ScBUE | ||
| 005 | 20230905093120.0 | ||
| 008 | 100127s2018 e a f bd 000 0 eng d | ||
| 020 | _a9781501347818 | ||
| 035 | _a(OCoLC)ocn503647935 | ||
| 040 |
_aUKM _beng _erda _cUKM _dYDXCP _dC#P _dBTCTA _dBWX _dEG-ScBUE |
||
| 082 | 0 | 4 |
_a791.43 _222 _bEDG |
| 100 | 1 |
_aEdgar-Hunt, Robert, _eauthor. |
|
| 245 | 1 | 4 |
_aThe language of film / _cRobert Edgar-Hunt, John Marland, Steven Rawle. |
| 250 | _aSecond edition. | ||
| 264 | 1 |
_aLondon ; _aNew York : _bBloomsbury Academic, _c2018. |
|
| 300 |
_a216 pages : _billustrations (some color) ; _c23 cm |
||
| 336 |
_2rdacontent _atext _btxt |
||
| 337 |
_2rdamedia _aunmediated _bn |
||
| 338 |
_2rdacarrier _avolume _bnc |
||
| 490 | 0 | _aBasics film making | |
| 500 | _aIncludes glossary. | ||
| 504 | _aIncludes bibliographical references and index. | ||
| 650 | 7 |
_aMotion pictures _xHistory. _2BUEsh |
|
| 650 | 7 |
_aMotion pictures _xSemiotics. _2BUEsh |
|
| 653 |
_bART _2IA |
||
| 655 | _vReading book | ||
| 700 | 1 |
_aMarland, John, _eauthor. |
|
| 700 | 1 |
_aRawle, Steven, _eauthor. |
|
| 942 |
_2ddc _cBB |
||
| 999 |
_c30512 _d30483 |
||